000 00513nam a2200205 4500
999 _c3908
_d3908
003 OSt
005 20191111163638.0
008 160509b xxu||||| |||| 00| 0 eng d
020 _a0195637488
040 _c040A
082 _a581
_bDUT 2000
100 _aDutta, A C
_98567
245 _aBotany:
_bfor degree students
250 _a6th.ed
260 _aOxford
_bOxford University Press
_c2000
300 _axv, 708p;
_bill :
_c12 cm
504 _aIncludes index
650 _aBontany
_98568
942 _2ddc
_cSLOAN